| 000 | 00441nam a2200169Ia 4500 | ||
|---|---|---|---|
| 008 | 231221s9999 xx 000 0 und d | ||
| 041 | _aEnglish | ||
| 082 | _a621.367 JAH; | ||
| 100 | _aJahne, Bernd | ||
| 245 | 0 | _aDigital image processing [electronic resource: book] | |
| 250 | _a5th ed | ||
| 260 |
_c2003 _bSpringer (India) _aNew Delhi |
||
| 300 | _axii+585 | ||
| 300 | _c27834 | ||
| 650 | _aDigital,image,processing | ||
| 942 | _cCD | ||
| 999 |
_c202848 _d202848 |
||